Harry Potter Trivia #P - Statistics

General Stats
  • This quiz has been taken 37 times
  • The average score is 8 of 15
Answer Stats
Hint Answer % Correct
Weasley brother Percy Weasley
100%
Harrys aunt Petunia Dursley
100%
Snape teaches this subject Potions
94%
Harry speaks this language Parseltongue
91%
James marauder nickname Prongs
74%
Female alliterative Slytherin student Pansy Parkinson
71%
Dumbledore posesses this to view memories Pensieve
65%
What Hermione had written on the torn out page about the basilisk Pipes
53%
Names of both Patil twins Padma & Parvatil
38%
Ginny calls Fleur this Phlegm
32%
One of Dudleys best friends Piers Polkiss
29%
McGonagall always wanted to use that spell Piertotum Locomotor
29%
Name of a Voldemort-resisting Radio show Potterwatch
26%
Password to the prefects bathroom Pine fresh
12%
Arthurs colleague Perkins
9%
No matching quizzes found
Score Distribution
Percent of People with Each Score
Percentile by Number Answered
Your Score History
You have not taken this quiz